000 00776nam a2200229 4500
003 OSt
005 20240716013609.0
006 a
008 240716b |||||||| |||| 00| 0 eng d
020 _a9789715132558
040 _aDWCL-HMN lib.
_cOC
082 _22009 edition
_aCirc. 610.73 Q6n 2009
100 _aQuiambao-Udan, Josie
245 _aNCLEX-RN test prep for international nurses series II: medical-surgical nursing and pharmacology /
250 _a2009 edition
260 _aManila:
_bEducational Pub. House,
_cc2009.
300 _b988 p. ;
_c26 cm.
504 _aIncludes bibliographical references.
650 _a1. Nursing-Examinations, questions, etc.
650 _a2. Nursing-Problems, exercises, etc.
942 _2ddc
_n0
_cBK-CIRC
_e2009 edition
_kCirc.
999 _c2223
_d2223